Chateaubriand et son groupe litteraire sous l'Empire (Record no. 164357)

MARC details
000 -LEADER
campo de control de longitud fija 00772nam a22001935i 4500
001 - NÚMERO DE CONTROL
campo de control 164357
003 - IDENTIFICADOR DE NÚMERO DE CONTROL
campo de control ES-MaACL
005 - FECHA Y HORA DE LA ÚLTIMA TRANSACCIÓN
campo de control 20251005063129.0
008 - DATOS DE LONGITUD FIJA--INFORMACIÓN GENERAL
campo de control de longitud fija 050801s1861 fr | |||||||| ||fre d
040 ## - FUENTE DE CATALOGACIÓN
Centro catalogador/agencia de origen CAM
Lengua de catalogación spa
Centro/agencia transcriptor CAM
100 1# - ENTRADA PRINCIPAL--NOMBRE DE PERSONA
Nombre de persona Sainte-Beuve, Charles-Augustin,
Fechas asociadas al nombre 1804-1869
9 (RLIN) 162958
245 10 - MENCIÓN DEL TÍTULO
Título Chateaubriand et son groupe litteraire sous l'Empire
Resto del título : cours professé a Liége en 1848-1849 /
Mención de responsabilidad, etc. par C.-A. Sainte-Beuve.
250 ## - MENCION DE EDICION
Mención de edición 2e éd.
260 ## - PUBLICACIÓN, DISTRIBUCIÓN, ETC.
Lugar de publicación, distribución, etc. Paris :
Nombre del editor, distribuidor, etc. Garnier Frères, libraires-éditeurs,
Fecha de publicación, distribución, etc. 1861 (
Fabricante Imprimerie de P.-A. Bourdier et C.)
300 ## - DESCRIPCIÓN FÍSICA
Extensión 2 v. (410 ; 457 p.) ;
Dimensiones 18 cm.
600 14 - PUNTO DE ACCESO ADICIONAL DE MATERIA--NOMBRE DE PERSONA
Nombre de persona Chateaubriand, François-René,
Títulos y otros términos asociados al nombre vicomte de,
Fechas asociadas al nombre 1768-1848
9 (RLIN) 38177
852 ## - LOCALIZACIÓN
Ubicación ES-MaACL
Número de control de estantería G-15892-93
Nota libre -- Enc. hol.
Holdings
Estatus retirado Estado de pérdida Estado de daño No para préstamo Colección Biblioteca de origen Biblioteca actual Ubicación en estantería Fecha de adquisición Total de préstamos Signatura topográfica completa Código de barras Visto por última vez Precio de reemplazo Tipo de ítem Koha
        Libros del s. XIX Biblioteca del Ateneo de Madrid Biblioteca del Ateneo de Madrid Sala Pecera Planta 3 17/01/2008   G-15892-93 1172272 23/02/2023 23/02/2023 Libro impreso antiguo